00833nam a22001337a 4500003000400000020001800004082001200022100001500034245004300049260003900092300000800131650001600139653054400155SGT a9789351610502 a658,PRA aPRASAD L M aPRINCIPLES AND PRACTICE OF MANAGEMENT  aNEW DELHI bKIRTI PRAKASHAN c2015 a536 aMANAGEMENT  aIntroduction to Management, Development of Management Thought, Managers and Environment, Social Responsibility and Ethics, Fundamentals of Planning, Organizational Plans, Decision Making, Fundamentals of Organizing, Power and Authority, Conflict and Coordination, Organizational Change, Fundamentals of Staffing, Employee Development and Performance Appraisal, Fundamentals of Directing, Motivation, Leadership, Communication, Fundamentals of Controlling, Control Techniques, Management Practices of Prominent Countries and Business Leader